Online Catalogue and eLibrary

JVP prabhawaya wikashaya ha deshapalanaya (Record no. 2391)

MARC details
000 -LEADER
fixed length control field 00437nam a2200157Ia 4500
005 - DATE AND TIME OF LATEST TRANSACTION
control field 20250612020222.0
008 - FIXED-LENGTH DATA ELEMENTS--GENERAL INFORMATION
fixed length control field 240331s9999 xx 000 0 und d
020 ## - INTERNATIONAL STANDARD BOOK NUMBER
ISBN 9559166018
082 ## - DDC Classification
Item Number - Author Mark DIS
Class No. 322
100 ## - MAIN ENTRY--PERSONAL NAME
Personal name Dissanayake, W
245 #0 - TITLE STATEMENT
Title JVP prabhawaya wikashaya ha deshapalanaya
260 ## - PUBLICATION, DISTRIBUTION, ETC.
Place of publication, distribution, etc. Colombo
Name of publisher, distributor, etc. Institute for Studies and Research on Public Action
Date of publication, distribution, etc. 1993
300 ## - PHYSICAL DESCRIPTION
Extent (e.g. Volumes, Pages etc.) 295 p .,
650 ## - SUBJECT ADDED ENTRY--TOPICAL TERM
Topical term or geographic name entry element Broadcast Politics
942 ## - Koha item type (Biblio)
Koha item type Books in Stacks (Lending)
Holdings
Lost status Damaged status Collection code Home library Current library Shelving location Date acquired Full call number Accession Number Item type
    Lending WERC Library WERC Library Social Science Cupboard 03/31/2024 322.42 DIS 1495 Books in Stacks (Lending)

© WERC Library